000 01931cam a22004334i 4500
003 PE-LiUPU
005 20250731183414.0
008 190920s2015 pe a rb 000 0 spa d
020 _a9972452999
020 _a9789972452994
035 _a(Sirsi) a252547
040 _aPE-LiUPU
_bspa
_cPE-LiUPU
_erda
049 _aPRUA
082 0 4 _a791.43
_bT18
_223
100 1 _aTamayo, Augusto,
_eautor.
245 1 3 _aLa dirección de arte en el cine peruano /
_cAugusto Tamaya, Nathalie Hendrickx.
250 _aPrimera edición.
300 _a491 páginas :
_bilustraciones ;
_c23 centímetros.
336 _atext
_2rdacontent
337 _aunmediated
_2rdamedia
338 _avolume
_2rdacarrier
490 0 _aEstudios sobre el Bicentenario ;
_v2.
504 _aBibliografía: páginas 231-232.
505 0 _aEl trabajo del director de arte en un filme de ficción -- Los elementos de la dirección de arte -- Las funciones de os elementos de la dirección de arte -- Los componentes de los elementos de la dirección de arte -- La producción de arte -- Estilos del diseño en la historia de la cultura occidental -- Estilos del diseño en la historia del Perú -- Descripción de propuestas de arte en el cine peruano -- Entrevistas a directores de arte del cine peruano.
526 _aP158
526 _aP146
526 _aP17
526 _aP12
526 _aP06
650 0 7 _aCinéma
_zPérou.
_2ram.
700 1 _aHendrickx, Nathalie,
_eautor.
910 _abgr
_bksl
_cksl
_d20190920
942 _2ddc
_cBOOK
994 _aC0
_bPEPRU
596 _a1
999 _a791.43 T18
_wDEWEY
_c31773
_i80662
_d31773
_e2019-10-1
_f2021-11-8
_g3
_lCCODEBUL1
_mBUL
_n2
_p22.00
_r0
_sY
_tBOOK
_u2019-9-20
_xEDUCACION
_PP20
_0COMPRA
_o.STAFF. Colección Ciencias Humanas y Educación
264 _aLima :
_bInstituto de Estudios Peruanos,
_c2015.
980 _81
_gALBERTO SANCHEZ Responsable de Automatización